1º symposium sobre aprendizaje y modificación de conducta en ambientes educativos

Gardado en:
Detalles Bibliográficos
Autor Principal: Pelechano Barberá, Vicente (Author)
Formato: Libro
Idioma:Lingua castelá
Publicado: Madrid Instituto Nacional de Ciencias de la Educación 1975
Subjects:
Tags: Engadir etiqueta
Sen Etiquetas, Sexa o primeiro en etiquetar este rexistro!

MARC

LEADER 00000cam a2200000 a 4500
001 UCG9251
003 CL-VaPUC
005 20240822122934.0
008 120302e19750000sp 1 spa d
020 |a 8436904117 
082 0 4 |a 618.928  |b PEL  |2 21 
100 1 |a Pelechano Barberá, Vicente  |e author  |9 621846 
245 1 0 |a 1º symposium sobre aprendizaje y modificación de conducta en ambientes educativos 
260 |a Madrid  |b Instituto Nacional de Ciencias de la Educación  |c 1975 
300 |a 271 p 
583 |a last modification  |c 20190908 08:07:31  |k Rodrigo Vera 
650 0 0 |a Trastornos de la personalidad   |9 307698 
650 0 7 |a MODIFICACION DE LA CONDUCTA  |2 CL-VaPUC  |9 332398 
650 0 0 |a Trastornos del comportamiento  |9 311363 
942 |c BK 
945 |a dcastane  |d 20120302 00:00:00 
546 |a En Español 
536 |a Instituto Nacional de Ciencias de la Educación INCIE 
518 |p Symposium sobre Aprendizaje y Modificación de Conducta en Ambientes Educativos, 1, Madrid, 13 al 16 de enero de 1975 
999 |c 384660  |d 384658 
952 |0 0  |1 0  |4 0  |6 618_928000000000000_PEL_1975  |7 0  |8 P  |9 507517  |a BIBEDU  |b BIBEDU  |c BIBEDU_PB  |d 2020-01-23  |i 4839331  |o 618.928 PEL 1975  |p 4839331  |r 2024-01-25  |w 2020-01-23  |y BK  |k EPE